000 00537cam a22001457a 4500
008 180718b2010 xxu||||| |||| 00| 0 eng d
082 _aAPPPA 2009-10/NAW
100 _aNawathe, Prabhakar
245 _aLiquor prohibition: stake-holder analysis in the Indian context
_cby Satish Prabhakar Nawathe
260 _aNew Delhi
_bIndian Institute of Public Administration
_c2010
300 _a118p.
500 _aAn APPPA M.Phil dissertation, 2009-10 (Guide: Prof. Dolly Arora)
650 _aLiquor laws --India
650 _aProhibition --India
999 _c501966
_d501966